[Event "AUT-chT2M 1112"]
[Site "Austria"]
[Date "2011.10.23"]
[Round "3.3"]
[White "Kaspret, Guido"]
[Black "Pesorda, Ivan"]
[Result "1-0"]
[WhiteElo "2292"]
[BlackElo "2278"]
[PlyCount "121"]
[EventDate "2011.10.21"]
[EventType "team-tourn"]
[EventRounds "11"]
[EventCountry "AUT"]
[SourceTitle "EXT 2013"]
[Source "ChessBase"]
[SourceDate "2012.11.22"]
[SourceVersion "1"]
[SourceVersionDate "2012.11.22"]
[SourceQuality "1"]
[WhiteTeam "St Veit/Glan"]
[BlackTeam "Graz Strassenbahn"]
[WhiteTeamCountry "AUT"]
[BlackTeamCountry "AUT"]

1. Nf3 Nf6 2. c4 c5 3. g3 Nc6 4. Bg2 d5 5. cxd5 Nxd5 6. 0-0 e5 7. d3 Be7 8. Nc3 Nc7 9. Be3 0-0 10. a3 Be6 11. Rc1 a5 12. Na4 b6 13. Nxb6 Rb8 14. Nc4 f6 15. Ng5 Bd7 16. Ne4 Nd4 17. Bxd4 cxd4 18. Nxa5 Rxb2 19. Nc6 Bxc6 20. Rxc6 Bxa3 21. Qa4 Nb5 22. Qc4+ Kh8 23. Bh3 Qe7 24. Rc8 Rxc8 25. Qxc8+ Qf8 26. Rc1 Nc3 27. Qxf8+ Bxf8 28. Nxc3 dxc3 29. Rxc3 g6 30. e3 Rd2 31. Be6 h5 32. Rc8 Kg7 33. Rc7+ Kh6 34. Rd7 Bg7 35. h4 Rb2 36. Kg2 Rb6 37. Bg8 Rb8 38. Bc4 Rb6 39. f4 Bf8 40. Bg8 Bg7 41. Kf3 Rb1 42. Be6 Rb6 43. f5 Rb1 44. d4 exd4 45. exd4 Rc1 46. fxg6 Kxg6 47. Bf7+ Kh6 48. Rd5 f5 49. Rd6+ Kh7 50. Bg6+ Kg8 51. Rd8+ Bf8 52. Bxf5 Rf1+ 53. Ke4 Kf7 54. Bh3 Rh1 55. Bg2 Rg1 56. Kf3 Rd1 57. Ke2 Rg1 58. Kf2 Rc1 59. Bf3 Rc2+ 60. Kf1 Rd2 61. Bxh5+ 1-0

[Event "AUT-chT2M 1112"]
[Site "Austria"]
[Date "2011.10.21"]
[Round "1.3"]
[White "Kaspret, Guido"]
[Black "Sandhoefner, Florian"]
[Result "1-0"]
[WhiteElo "2292"]
[BlackElo "2201"]
[PlyCount "161"]
[EventDate "2011.10.21"]
[EventType "team-tourn"]
[EventRounds "11"]
[EventCountry "AUT"]
[SourceTitle "EXT 2013"]
[Source "ChessBase"]
[SourceDate "2012.11.22"]
[SourceVersion "1"]
[SourceVersionDate "2012.11.22"]
[SourceQuality "1"]
[WhiteTeam "St Veit/Glan"]
[BlackTeam "St Valentin"]
[WhiteTeamCountry "AUT"]
[BlackTeamCountry "AUT"]

1. c4 e5 2. Nc3 Nf6 3. Nf3 Nc6 4. d3 g6 5. g3 Bg7 6. Bg2 0-0 7. 0-0 d6 8. d4 h6 9. d5 Ne7 10. e4 Nd7 11. Ne1 f5 12. f3 f4 13. Nd3 g5 14. g4 Kf7 15. c5 Nxc5 16. Nxc5 dxc5 17. Qb3 Kg6 18. Rd1 Rf6 19. Bd2 Kh7 20. Qc4 b6 21. b4 cxb4 22. Qxb4 Ng6 23. Be1 Bf8 24. Qb2 a6 25. Bf2 Bd6 26. Nb1 Bd7 27. Nd2 b5 28. Nb3 Qe7 29. Qc2 Nh4 30. Nc5 h5 31. Nxd7 Qxd7 32. Bxh4 gxh4 33. Bh3 hxg4 34. Bxg4 Qe7 35. Kh1 Bc5 36. Rac1 Bb6 37. Qg2 Rg8 38. Qh3 Rd6 39. Be6 Rg5 40. Qxh4+ Kg7 41. Qh3 c5 42. dxc6 Rxd1+ 43. Rxd1 Qd6 44. Bd5 Qg6 45. Qf1 Kh7 46. Rc1 Rg1+ 47. Qxg1 Bxg1 48. Rxg1 Qh5 49. Rf1 Qh3 50. Kg1 Qh6 51. Rc1 Qg7+ 52. Kh1 Qc7 53. Be6 a5 54. Kg2 a4 55. Rc2 b4 56. Bd5 Kg7 57. Rc4 b3 58. Rxa4 bxa2 59. Rxa2 Qb6 60. Kh3 Kf6 61. Kg2 Ke7 62. h4 Kd6 63. h5 Qc7 64. Kf1 Qc8 65. Rh2 Qa6+ 66. Kg1 Qb6+ 67. Rf2 Qd8 68. Rg2 Qh4 69. Rg6+ Kc7 70. Rg7+ Kb6 71. c7 Qe1+ 72. Kg2 Qe2+ 73. Kh3 Qxf3+ 74. Kh4 Qf2+ 75. Kg5 Qg3+ 76. Kf6 Qh4+ 77. Ke6 Qh3+ 78. Kd6 Qa3+ 79. Kd7 Qh3+ 80. Kd8 Qh4+ 81. Re7 1-0

[Event "AUT-chT 1011"]
[Site "Austria"]
[Date "2010.11.20"]
[Round "2.5"]
[White "Kaspret, Guido"]
[Black "Turov, Maxim"]
[Result "0-1"]
[WhiteElo "2291"]
[BlackElo "2645"]
[PlyCount "76"]
[EventDate "2010.11.19"]
[EventType "team-tourn"]
[EventRounds "11"]
[EventCountry "AUT"]
[SourceTitle "EXT 2011"]
[Source "ChessBase"]
[SourceDate "2010.11.26"]
[SourceVersion "1"]
[SourceVersionDate "2010.11.26"]
[SourceQuality "1"]
[WhiteTeam "St Veit"]
[BlackTeam "Baden Invest"]
[WhiteTeamCountry "AUT"]
[BlackTeamCountry "AUT"]

1. Nf3 Nf6 2. c4 e6 3. g3 a6 4. Bg2 b5 5. b3 c5 6. 0-0 Bb7 7. Bb2 Be7 8. d3 0-0 9. e4 d6 10. Nc3 bxc4 11. bxc4 Nfd7 12. Rb1 Nc6 13. Ne2 Rb8 14. Bc3 Bf6 15. Qd2 Bxc3 16. Qxc3 Ba8 17. Nd2 Qf6 18. Qxf6 gxf6 19. Rxb8 Rxb8 20. Rb1 Rxb1+ 21. Nxb1 Nb4 22. Nc1 Ne5 23. Bf1 f5 24. Nd2 fxe4 25. dxe4 Nec6 26. f3 Nd4 27. Kf2 Kf8 28. Bd3 Bc6 29. Bb1 Ba4 30. Ne2 Bc2 31. Bxc2 Ndxc2 32. Nc1 Ke7 33. Nb1 Nc6 34. Nb3 Ne5 35. N3d2 Nb4 36. a3 Nbd3+ 37. Ke2 Nb2 38. f4 Nexc4 0-1

[Event "AUT-chT2M 0910"]
[Site "Austria"]
[Date "2010.04.17"]
[Round "10.5"]
[White "Kaspret, Guido"]
[Black "Schink, Barbara"]
[Result "1-0"]
[WhiteElo "2310"]
[BlackElo "2057"]
[PlyCount "57"]
[EventDate "2009.10.10"]
[EventType "team-tourn"]
[EventRounds "11"]
[EventCountry "AUT"]
[SourceTitle "EXT 2011"]
[Source "ChessBase"]
[SourceDate "2010.11.26"]
[SourceVersion "1"]
[SourceVersionDate "2010.11.26"]
[SourceQuality "1"]
[WhiteTeam "St Veit/Glan"]
[BlackTeam "Graz Strassenbahn"]
[WhiteTeamCountry "AUT"]
[BlackTeamCountry "AUT"]

1. c4 e6 2. Nf3 d5 3. g3 Nf6 4. Bg2 dxc4 5. Qa4+ c6 6. Qxc4 b5 7. Qc2 Bb7 8. d4 Nbd7 9. Nc3 c5 10. dxc5 Bxc5 11. 0-0 Rc8 12. a3 0-0 13. e4 e5 14. Qe2 a6 15. Nh4 b4 16. axb4 Bxb4 17. Nf5 Re8 18. Bg5 h6 19. Be3 Qc7 20. Nd5 Nxd5 21. Qg4 g6 22. Nxh6+ Kf8 23. exd5 Qd6 24. Rad1 a5 25. Bh3 Rc7 26. Qh4 Nf6 27. Bg5 Ng8 28. Nxg8 Kxg8 29. Bf6 1-0

[Event "AUT-chT2M 0910"]
[Site "Austria"]
[Date "2010.01.31"]
[Round "6.4"]
[White "Kaspret, Guido"]
[Black "Reiss, Georg"]
[Result "1-0"]
[WhiteElo "2310"]
[BlackElo "2153"]
[PlyCount "81"]
[EventDate "2009.10.10"]
[EventType "team-tourn"]
[EventRounds "11"]
[EventCountry "AUT"]
[SourceTitle "EXT 2011"]
[Source "ChessBase"]
[SourceDate "2010.11.26"]
[SourceVersion "1"]
[SourceVersionDate "2010.11.26"]
[SourceQuality "1"]
[WhiteTeam "St Veit/Glan"]
[BlackTeam "Raika Feffernitz"]
[WhiteTeamCountry "AUT"]
[BlackTeamCountry "AUT"]

1. c4 c5 2. Nf3 g6 3. Nc3 Bg7 4. d4 Nc6 5. d5 Ne5 6. Nd2 d6 7. e4 Qa5 8. Be2 f5 9. 0-0 Nf6 10. f4 Neg4 11. Nb3 Qc7 12. h3 Nh6 13. e5 Ne4 14. Nxe4 fxe4 15. e6 Nf5 16. Kh2 b5 17. cxb5 c4 18. g4 cxb3 19. gxf5 Qc2 20. axb3 Qxd1 21. Rxd1 Bb7 22. Ra2 0-0 23. fxg6 hxg6 24. Be3 Bh6 25. Kg3 Rf5 26. Bc4 Kh7 27. h4 g5 28. hxg5 Bxg5 29. Kg4 Kg6 30. fxg5 Rf3 31. Rxa7 Rh8 32. Re1 Rh2 33. Bf1 Bxd5 34. Rxe7 Rf5 35. Be2 Rf8 36. Bd4 Rg2+ 37. Kh3 e3 38. Rg7+ Kf5 39. Bd3+ Kf4 40. Bxe3+ Kf3 41. Rf1+ 1-0

[Event "AUT-chT2M 0809"]
[Site "Austria"]
[Date "2009.03.27"]
[Round "9.4"]
[White "Horvath, Gabor"]
[Black "Kaspret, Guido"]
[Result "1-0"]
[WhiteElo "2277"]
[BlackElo "2338"]
[PlyCount "59"]
[EventDate "2008.10.11"]
[EventType "team-tourn"]
[EventRounds "11"]
[EventCountry "AUT"]
[SourceTitle "EXT 2010"]
[Source "ChessBase"]
[SourceDate "2010.11.25"]
[SourceVersion "1"]
[SourceVersionDate "2010.11.25"]
[SourceQuality "1"]
[WhiteTeam "Maria Saal"]
[BlackTeam "Wolfsberg"]
[WhiteTeamCountry "AUT"]
[BlackTeamCountry "AUT"]

1. Nf3 c5 2. e4 d6 3. d3 Nc6 4. g3 e5 5. Bg2 Be7 6. c3 g5 7. h3 h6 8. d4 cxd4 9. cxd4 g4 10. hxg4 Bxg4 11. d5 Nd4 12. Be3 Qb6 13. Nbd2 Qxb2 14. Bxd4 exd4 15. 0-0 Qb5 16. Rb1 Qd7 17. Nc4 Nf6 18. Qxd4 b5 19. Na5 Bxf3 20. Bxf3 Rg8 21. Nc6 Qh3 22. e5 Ng4 23. Rfe1 Nxf2 24. Qxf2 Rxg3+ 25. Bg2 Bh4 26. exd6+ Kf8 27. d7 Rg7 28. Re8+ Rxe8 29. Qc5+ Be7 30. dxe8Q+ 1-0

[Event "AUT-chT2M 0809"]
[Site "Austria"]
[Date "2008.11.29"]
[Round "3.4"]
[White "Kaspret, Guido"]
[Black "Genser, Harald"]
[Result "1-0"]
[WhiteElo "2338"]
[BlackElo "2315"]
[PlyCount "115"]
[EventDate "2008.10.11"]
[EventType "team-tourn"]
[EventRounds "11"]
[EventCountry "AUT"]
[SourceTitle "CBM 127 Extra"]
[Source "ChessBase"]
[SourceDate "2009.01.08"]
[SourceVersion "2"]
[SourceVersionDate "2009.01.28"]
[SourceQuality "1"]
[WhiteTeam "Wolfsberg"]
[BlackTeam "Klagenfurt"]
[WhiteTeamCountry "AUT"]
[BlackTeamCountry "AUT"]

1. c4 e6 2. Nf3 d5 3. g3 dxc4 4. Qa4+ c6 5. Qxc4 b5 6. Qc2 Bb7 7. Bg2 Nd7 8. 0-0 c5 9. a4 a6 10. Nc3 Qb6 11. d3 Ngf6 12. e4 Be7 13. h3 0-0 14. Be3 b4 15. a5 Qc7 16. Ne2 Rac8 17. Rfc1 Qb8 18. Nd2 Rfd8 19. Nc4 Ne8 20. f4 Nd6 21. Nxd6 Bxd6 22. Kh1 Be7 23. Ng1 Bc6 24. Nf3 Bb5 25. Nd2 e5 26. Nc4 Bf6 27. f5 Rc6 28. g4 h6 29. Qf2 Bg5 30. Bxg5 hxg5 31. Qe3 Bxc4 32. Rxc4 f6 33. Bf1 Qd6 34. Be2 Kf7 35. Kg2 Rh8 36. Bd1 Ke7 37. Ba4 Rc7 38. Rac1 Rhc8 39. Kf2 Nb8 40. Kg3 Nd7 41. Kf2 Nb8 42. Ke1 Kd8 43. Kd2 Ke7 44. h4 gxh4 45. g5 fxg5 46. Rg1 Rh8 47. Qxg5+ Qf6 48. Qe3 Qh6 49. Qxh6 Rxh6 50. Rxg7+ Kd6 51. Rxc7 Kxc7 52. Rxc5+ Kb7 53. Rxe5 h3 54. Re7+ Kc8 55. f6 h2 56. f7 Rf6 57. Re8+ Kc7 58. Rh8 1-0

[Event "AUT-chT 0607"]
[Site "Austria"]
[Date "2007.03.09"]
[Round "9.6"]
[White "Petschar, Hans"]
[Black "Kaspret, Guido"]
[Result "0-1"]
[WhiteElo "2109"]
[BlackElo "2322"]
[PlyCount "68"]
[EventDate "2006.11.03"]
[EventType "team"]
[EventRounds "11"]
[EventCountry "AUT"]
[SourceTitle "EXT 2008"]
[Source "ChessBase"]
[SourceDate "2007.11.25"]
[SourceVersion "1"]
[SourceVersionDate "2007.11.25"]
[SourceQuality "1"]
[WhiteTeam "Tschaturanga"]
[BlackTeam "Maria Saal"]
[WhiteTeamCountry "AUT"]
[BlackTeamCountry "AUT"]

1. c4 e5 2. Nc3 Nc6 3. Nf3 Nf6 4. g3 d5 5. cxd5 Nxd5 6. Bg2 Nb6 7. 0-0 Be7 8. a3 a5 9. d3 Be6 10. Na4 Nd5 11. d4 e4 12. Ne5 Nxe5 13. dxe5 b5 14. Nc3 Nxc3 15. bxc3 Qd5 16. Qc2 Bf5 17. Rd1 Qxe5 18. Bf4 Qe6 19. Bxc7 0-0 20. Qb2 Rfc8 21. Bf4 Bf6 22. Qxb5 Bxc3 23. Rac1 g6 24. h4 h5 25. Rd5 Bg7 26. Rxc8+ Qxc8 27. Rc5 Qd8 28. Rd5 Qc8 29. Rc5 Qe6 30. Rd5 a4 31. Be5 Bf8 32. Bb2 Ra6 33. Re5 Rb6 34. Rxf5 gxf5 0-1